000 00828nam a22002537a 4500
005 20170123162351.0
010 _aA-562217
020 _c25.00
035 _aA-562217
037 _bCen Lib/Ret
040 _aDPL
_bUR
082 _a270.826
_bا ج س
100 _aخاں،احسان الله
_9108487
245 _a:​ فکرِ اسلامی کی تشکیلِ نَو
_cاحسان الله خاں
_b/
246 _aFikr-e-islam ki tashkil-e-nao: aalmi seminar /
_bby Aehsanullaha Khan
260 _aنی دہلی
_bبیتالحکمه ڈرسٹ
_c1990
270 _aذاکر باغ
_bنی دہلی
300 _a148p.
_c20cm(Hb)
650 _a مذہب
_v
_9136597
650 _a اسلام
_9136598
650 _aReligion
_9136599
650 _aIslam
_95289
942 _2ddc
_cUR
_h270.826
_mا ج س
999 _c109256
_d109256